000 00477nam a2200193Ia 4500
005 20140314143107.0
008 140130s9999 xx 000 0 und d
020 _a9780545115971
050 _aPZ 7
_b.P1755Ch 2009
100 _aPalatini, Margie
245 _cMargie Palatini
_aThe Cheese /
260 _bScholastic,
_c2009.
_aNew York :
300 _a1 v. :
_bcol. ill. ;
_c29 cm.
440 _v1
521 _aG2
526 _c490
942 _cBK
_2lcc
999 _c40490
_d40490